| 000 | 00643nam a2200193Ia 4500 | ||
|---|---|---|---|
| 003 | Ost | ||
| 005 | 20260507075701.0 | ||
| 008 | 260507s9999||||xx |||||||||||||| ||und|| | ||
| 020 | _a9154337977 | ||
| 040 | _cfsecg | ||
| 041 | _aara | ||
| 100 |
_aفيليب، جاك _eمؤلف |
||
| 245 | 0 |
_aالاستثمار البشري : _bادوات وخطوات قياس العائد / _c جاك فيليب |
|
| 260 |
_aالقاهرة: _bمطابع الشرطة للطباعة والنشر والتوزيع, _c2003 |
||
| 300 | _a436 صفحة؛ | ||
| 653 | _aاستثمار | ||
| 700 |
_aستون، رون _eمؤلف ثانوي |
||
| 942 | _cكتاب | ||
| 999 |
_c45838 _d45838 |
||